Statistics for Pharmacy - Drug of Choice for Infectious Diseases

Click here to take the quiz!

General Stats

  • This quiz has been taken 13 times
  • The average score is 5 of 22

Answer Stats

BugDOC% Correct
Herpes simplex virusAcyclovir
75%
Beta-hemopytic streptococciPenicillin
75%
Methicillin Resistant Staphlococcus aureus (MRSA)Vancomycin
67%
Chlamydia trachomatisDoxycycline
58%
Candida albicansFluconazole
42%
Varicella zoster virusAcyclovir
33%
Dog bitesAmoxicillin/clavulanate
25%
Streptomycin pyogenesPenicillin
25%
CytomegalovirusGanciclovir
17%
TreponemaPenicillin
17%
Pneumocystis jiroveci, Pneumocystis carini pneumonia (PJP, PCP)SMZ/TMP
17%
AspergillusVoriconazole
17%
ListeriaAmpicillin
8%
Methicillin Susceptible Staphlococcus aureus (MSSA)Cefazolin
8%
Borrella burgdorferiDoxycycline
8%
Rickettsia rickettsiaDoxycycline
8%
Pseudomonas aeruginosaPipercillin/tazobactam
8%
Enterococcus faecalisAmpicillin
0%
Acinetobacter baumanniiAmpicillin/sulbactam
0%
Mycobacterium + HIVAzithromycin
0%
Streptomycin pneumoniaCeftriaxone
0%
Candida glabrataMicafungin
0%

Score Distribution

Percentile by Number Answered

Percent of People with Each Score

Your Score History

You have not taken this quiz